Az Egyetemi Hallgatók Pénzügyi Attitűdje és Túlélési Stratégiái a Növekvő Megélhetési Költségek Közepette

Bibliográfiai részletek
Szerző: Pál Máté
További közreműködők: Csongrádi Gyöngyi
Dokumentumtípus: TDK dolgozat
Kulcsszavak:pénzügyi attitűd
pénzügyi függetlenség
pénzügyi szocializáció
pénzügyi tudás
pénzügyi viselkedés
Online Access:http://dolgozattar.uni-bge.hu/60475

MARC

LEADER 00000nta a2200000 i 4500
001 dolg60475
005 20260416073751.0
008 260416suuuu hu o 000 hun d
040 |a BGE Dolgozattár Repozitórium  |b hun 
041 |a hu 
100 1 |a Pál Máté 
245 1 3 |a Az Egyetemi Hallgatók Pénzügyi Attitűdje és Túlélési Stratégiái a Növekvő Megélhetési Költségek Közepette  |c Pál Máté  |h [elektronikus dokumentum] 
516 |a Students_Scientific_Association_paper 
520 3 |a A gyorsan változó gazdasági környezetben a magyar egyetemisták egyre szűkösebb anyagi körülmények között, de növekvő pénzügyi felelősség mellett élik az egyetemi éveket. Az infláció és a megélhetési költségek folyamatos emelkedése rendkívül élesen rámutat arra, milyen fontos a fiatal felnőttek pénzügyi tudatosságának fejlesztése. Ebből adódóan a dolgozatom azt a kérdést vette górcső alá, hogy hogyan költekeznek a magyar egyetemisták, milyen stratégiákat alkalmaznak, és mennyire tudatosak a pénzügyeik kezelésében. Kutatásom megközelítése két szintű, egy szövegbányászaton alapuló szisztematikus szakirodalmi feltárás adta. Ennek során bibliometriai elemzést végeztem az R-studio Bibliometrix csomagjával, nemzetközi tanulmányok alapján, amely igazolta, hogy a pénzügyi műveltség nem csupán tudás, hanem attitűd és viselkedés kérdése is. A kutatás másik fontos pillérét a hallgatókkal készült feltáró kvalitatív mélyinterjúk adták, amelyek rávilágítottak a hitelfelvétellel kapcsolatos idegenkedésre és a lakhatási költségek okozta kényszerre. A kvantitatív kérdőíves felmérés eredményei egyértelműen igazolták, hogy a szocializációs erő szignifikánsan érvényesül, mivel erős, pozitív összefüggés mutatható ki a hallgatók megtakarítási hajlandósága és a szülők megtakarítási mintája között. Az adatok mélyebb elemzéséhez elvégzett faktorelemzés és klaszteranalízis során két főkomponenst azonosítottam, melyek mentén végül három jellemző pénzügyi viselkedési mintát különítettem el, a fegyelmezett, analitikus-, a spóroló, de informális- és az alapvető, tervszerűtlen típust. A típusok közötti különbség valós, objektív anyagi következményekkel jár, amit a pénzügyi biztonsági háló méretében mért szignifikáns eltérés igazol, jelezve, hogy a pénzügyi fegyelem elérése sokkal inkább belső attitűdök kérdése, mintsem külső, objektív tényezőké. Az eredmények alapján elmondható, hogy a pénzügyi tudatosság fejlesztése, különösen a gyakorlati alkalmazás szintjén, elengedhetetlen a fiatal felnőttek gazdasági önállóságához és hosszú távú stabilitásához. 
695 |a pénzügyi attitűd 
695 |a pénzügyi függetlenség 
695 |a pénzügyi szocializáció 
695 |a pénzügyi tudás 
695 |a pénzügyi viselkedés 
700 1 |a Csongrádi Gyöngyi  |e ths 
856 4 0 |u http://dolgozattar.uni-bge.hu/60475/1/P%C3%A1l_M%C3%A1t%C3%A9_PSZK.pdf  |z Dokumentum-elérés 
856 4 0 |u http://dolgozattar.uni-bge.hu/60475/2/nyilatkozat.pdf  |z Dokumentum-elérés 
856 4 0 |u http://dolgozattar.uni-bge.hu/60475/3/P%C3%A1l_M%C3%A1t%C3%A9_PSZK_rezume.pdf  |z Dokumentum-elérés 
856 4 0 |u http://dolgozattar.uni-bge.hu/60475/4/P%C3%A1l_M%C3%A1t%C3%A9_PSZK_rezume.docx  |z Dokumentum-elérés 
856 4 0 |u http://dolgozattar.uni-bge.hu/60475/5/szerz%C5%91i-nyil.pdf  |z Dokumentum-elérés 
856 4 0 |u http://dolgozattar.uni-bge.hu/60475/6/P%C3%A1l_M%C3%A1z%C3%A9_%C3%A9rt%C3%A9kel%C3%A9s_Losoncz.pdf  |z Dokumentum-elérés 
856 4 0 |u http://dolgozattar.uni-bge.hu/60475/7/05_Dolgozat_biralati_lap_2025_PalM.pdf  |z Dokumentum-elérés